La gestion de l'entreprise - Statistiques

Statistiques générales
  • Ce quiz a été pris 21 fois
  • Le résultat moyen est 5 sur 19
Statistiques - réponses
Hint Réponse % Correct
Co-worker Collaborateur
63%
Employment Emploi
56%
Office hours Heures de travail
50%
Turnover Chiffre d'affaires
31%
Compulsory Obligatoire
31%
Profitability Rentabilité
31%
Boardroom Salle de réunion
31%
Assignment Tache, mission
31%
Nationwide Dans tout le pays
25%
(To) Carpet Tapis
25%
Corporate Entreprise
19%
(To) Venture Entreprise
19%
(To) Range Gamme
13%
Head office Siège social
13%
Washroom Toilettes
13%
Overnight Dans la nuit
6%
(To) Leverage Effet de levier
6%
(To) Benchmark Référence
6%
To amend Modifier
0%
Aucun quiz correspondant
Distribution des résultats
% des personnes avec chaque résultat
Percentile par nombre de réponses
Votre historique - résultats
Vous n’avez pas pris ce quiz